<?xml version="1.0" encoding="UTF-8"?>
<record
    xmlns:xsi="http://www.w3.org/2001/XMLSchema-instance"
    xsi:schemaLocation="http://www.loc.gov/MARC21/slim http://www.loc.gov/standards/marcxml/schema/MARC21slim.xsd"
    xmlns="http://www.loc.gov/MARC21/slim">

  <leader>00774cam a22002051  4500</leader>
  <controlfield tag="001">f  01002974 </controlfield>
  <controlfield tag="003">DLC</controlfield>
  <controlfield tag="005">20260227111245.0</controlfield>
  <controlfield tag="008">770713s1900    fr e          000 0 fre  </controlfield>
  <datafield tag="010" ind1=" " ind2=" ">
    <subfield code="a">f  01002974 </subfield>
  </datafield>
  <datafield tag="035" ind1=" " ind2=" ">
    <subfield code="a">(OCoLC)3110854</subfield>
  </datafield>
  <datafield tag="040" ind1=" " ind2=" ">
    <subfield code="a">DLC</subfield>
    <subfield code="c">AzTeS</subfield>
    <subfield code="d">AzTeS</subfield>
    <subfield code="d">DLC</subfield>
  </datafield>
  <datafield tag="050" ind1="0" ind2="0">
    <subfield code="a">Z307</subfield>
    <subfield code="b">.D33</subfield>
  </datafield>
  <datafield tag="100" ind1="1" ind2=" ">
    <subfield code="a">Delalain, P.</subfield>
    <subfield code="q">(Paul),</subfield>
    <subfield code="d">1840-1924.</subfield>
  </datafield>
  <datafield tag="245" ind1="1" ind2="2">
    <subfield code="a">L'imprimerie et la librairie &#xE0; Paris de 1789 &#xE0; 1813.</subfield>
    <subfield code="c">Renseignements recueillis, class&#xE9;s et accompagn&#xE9;s d'une introduction par Paul Delalain. &lt;avec 3 fragments du plan de Paris en 1810&gt;.</subfield>
  </datafield>
  <datafield tag="260" ind1=" " ind2=" ">
    <subfield code="a">Paris,</subfield>
    <subfield code="b">Delalain fr&#xE8;res</subfield>
    <subfield code="c">[1900]</subfield>
  </datafield>
  <datafield tag="300" ind1=" " ind2=" ">
    <subfield code="a">lx, 360 p.</subfield>
    <subfield code="b">3 fold. plans.</subfield>
    <subfield code="c">26 cm.</subfield>
  </datafield>
  <datafield tag="500" ind1=" " ind2=" ">
    <subfield code="a">"Tir&#xE9; &#xE0; 400 exemplaires.  n&#x2070; 184."</subfield>
  </datafield>
  <datafield tag="650" ind1=" " ind2="0">
    <subfield code="a">Book industries and trade</subfield>
    <subfield code="z">France</subfield>
    <subfield code="z">Paris.</subfield>
  </datafield>
  <datafield tag="999" ind1=" " ind2=" ">
    <subfield code="c">22965</subfield>
    <subfield code="d">22965</subfield>
  </datafield>
</record>
